00385nam a2200145Ia 4500003000400000008004100004040001600045082002600061100002400087245004800111260002800159490000500187650001900192650002800211GCL140319s9999 xx 000 0 ara d aGCL / cGCL04aكاسيتb97bك ا1 aكارم محمود10aاديتك عمرى / cكارم محمود a[S.N] : bلا يوجد a04aالاغانى04aشرائط كاسيت